LEADER 01053nam2-2200337---450- 001 990009599480403321 005 20120724192525.0 035 $a000959948 035 $aFED01000959948 035 $a(Aleph)000959948FED01 035 $a000959948 100 $a20120629d2011----km-y0itay50------ba 101 0 $aeng 102 $aUS 105 $aa-------001yy 200 1 $a<<2.: >>Techniques and equipment$fNathan Myhrvold with Chris Young and Maxime Bilet$gphotography by Ryan Matthew Smith and Nathan Myhrvold 210 $aBellevue, WA$cThe cooking lab$d2011 215 $ax, 473 p.$cill.$d34 cm 461 0$1001000959943$12001$aModernist cuisine 676 $a641.013$v21$zita 700 1$aMyhrvold,$bNathan$0517073 701 1$aYoung,$bChris$0517074 701 1$aBilet,$bMaxime$0517075 702 1$aSmith,$bRyan Matthew 801 0$aIT$bUNINA$gRICA$2UNIMARC 901 $aBK 912 $a990009599480403321 952 $a60 641.013 A 1:2$b13865$fFAGBC 959 $aFAGBC 996 $aTechniques and equipment$9845306 997 $aUNINA LEADER 04266nam 22006495 450 001 9910737297203321 005 20251008160441.0 010 $a3-031-29708-3 024 7 $a10.1007/978-3-031-29708-3 035 $a(CKB)5580000000592230 035 $a(MiAaPQ)EBC30720784 035 $a(Au-PeEL)EBL30720784 035 $a(DE-He213)978-3-031-29708-3 035 $a(PPN)272261254 035 $a(OCoLC)1395561338 035 $a(ODN)ODN0010101567 035 $a(EXLCZ)995580000000592230 100 $a20230824d2023 u| 0 101 0 $aeng 135 $aurcnu|||||||| 181 $ctxt$2rdacontent 182 $cc$2rdamedia 183 $acr$2rdacarrier 200 10$aNuclear Risks and Arms Control - Problems and Progresses in the Time of Pandemics and War $eProceedings of the XXII Edoardo Amaldi Conference, Accademia Nazionale dei Lincei, Rome, Italy, April 6?8, 2022 /$fedited by Paolo Cotta-Ramusino, Micah Lowenthal, Luciano Maiani, Enza Pellecchia 205 $a1st ed. 2023. 210 1$aCham :$cSpringer International Publishing :$cImprint: Springer,$d2023. 215 $a1 online resource (216 pages) 225 1 $aSpringer Proceedings in Physics,$x1867-4941 ;$v291 311 08$a3-031-29707-5 327 $aScience and Society -- 25 Years of CTBT -- The Nuclear Conundrum in the Ukraine Crisis -- Ending the ?Perpetual Menace? of Nuclear Weapons: The Nuclear Non-Proliferation Treaty -- Lessons Learnt from the Fukushima Nuclear Accident -- International cooperation to tackle future pandemics -- From NPT to TPNW: From Non-Proliferation to Prohibition of Nuclear Weapons -- Domestic Debate in Russia about Arms Control and Nuclear Weapons -- Weapons of Mass Destruction in the Middle East within the context of Regional security -- Conflict areas ? An Israeli Perspective -- Tensions in the Middle East -- The Struggle to save the JCPOA: Negotiations to Nowhere? -- The Fate of The Iranian Nuclear Deal (JCPOA) -- Nuclear weapons and the militarization of AI -- The Roadmap to Fusion: Science and International Cooperation for Sustainable Energy -- Promoting Integral Human Development and Peace in the Digital Age -- Present Nuclear Dangers -- Sesame: From a 2022 Personal Point of view. 330 $aThis open access book is based on the conference organised by Accademia dei Lincei and the US National Academy of Sciences and supported by the Italian Ministero degli Affari Esteri. It was attended by about 60 scientists and researchers from 13 countries, including, besides Europe, Iran, Israel, Iraq, Pakistan, India, Japan, Russian Federation and the USA. In an international scenario shaken by the uncertainties of the pandemic and the war between Russia and Ukraine, dialogue and scientific collaboration are confirmed to be precious tools to enhance nuclear safety, security and non-proliferation. The urgency to open peace discussions in Ukraine was emphasised by all participants, and the belief that science can make an essential contribution to peace construction was reaffirmed. Current challenges (some new, such as autonomous weapons and the use of artificial intelligence for war purposes) are discussed and attempts made to identify possible solutions and future improvements, including in the field of sustainable energy development. 410 0$aSpringer Proceedings in Physics,$x1867-4941 ;$v291 606 $aPhysics 606 $aNuclear engineering 606 $aPeace 606 $aApplied and Technical Physics 606 $aNuclear Energy 606 $aPeace and Conflict Studies 615 0$aPhysics. 615 0$aNuclear engineering. 615 0$aPeace. 615 14$aApplied and Technical Physics. 615 24$aNuclear Energy. 615 24$aPeace and Conflict Studies. 676 $a621 686 $aPOL011000$aSCI003000$aTEC028000$2bisacsh 700 $aCotta-Ramusino$b Paolo$0267764 701 $aLowenthal$b Micah$01424297 701 $aMaiani$b Luciano$03689 701 $aPellecchia$b Enza$0478092 801 0$bMiAaPQ 801 1$bMiAaPQ 801 2$bMiAaPQ 906 $aBOOK 912 $a9910737297203321 996 $aNuclear Risks and Arms Control - Problems and Progresses in the Time of Pandemics and War$93553404 997 $aUNINA